MARC
| LEADER | 00000 a a2200000 04500 | ||
|---|---|---|---|
| 001 | 24038 | ||
| 003 | |||
| 040 | |||
| 090 | |a 170500 | ||
| 100 | |a Palacios, Héctor | ||
| 245 | |a Una experiencia del movimiento campesino del sector Guaymas, El Negrito, Yoro / |c Héctor Palacios | ||
| 260 | |a Tegucigalpa: |b UNAH | ||
| 300 | |a 21 p. | ||
| 700 | |a Flores Aguilar, Leyda |a Hernández Ardón, Carmen |a Flores Retes, Julia | ||
| 999 | |c 9858 |d 9858 | ||
